Saaria suurimpien kaupunkien mukaan #2 - Statistics

Yleistilastot
  • Tätä visaa on pelattu 290 kertaa
  • Keskiarvotulos 10 / 20
Vastaustilastot
Kaupunki Saari % Oikein
Colombo Sri Lanka
85%
Sapporo Hokkaido
76%
Antananarivo Madagaskar
76%
Visby Gotlanti
69%
Ajaccio Korsika
61%
Cagliari Sardinia
61%
Manama Bahrain
56%
St. Johns Newfoundland tai Antigua
48%
Hobart Tasmania
47%
Fukuoka Kyūshū
43%
Kööpenhamina Sjælland
43%
Manila Luzon
42%
Denpasar Bali
40%
Odense Fyn
37%
Medan Sumatra
35%
Iqaluit Baffininsaari
30%
Douglas Mansaari
30%
Naha Okinawa
29%
Papeete Tahiti
29%
Hilo Havaiji
20%
Ehtoja vastaavia visoja ei löytynyt
Tulosjakauma
Jokaisen tuloksen saaneiden osuus
Persentiili vastausten määrän mukaan
Tuloshistoriasi
Et ole pelannut tätä visaa